000
00196 a2200097 4500
020
_a
9780142401903
041
_a
eng
100
_a
Ann Grifalconi
245
_a
The Village that vanished
942
_c
K
999
_c
31362
_d
31360